Healthcare operations management / (Record no. 27696)

MARC details
000 -LEADER
fixed length control field 01650nam a22003614a 4500
005 - DATE AND TIME OF LATEST TRANSACTION
control field 20090620141754.0
008 - FIXED-LENGTH DATA ELEMENTS--GENERAL INFORMATION
fixed length control field 070831s2008 ilua b 001 0 eng
010 ## - LCCN (DPL NO)
LC control number ENG-94151
020 ## - INTERNATIONAL STANDARD BOOK NUMBER
International Standard Book Number 9788120337503
Terms of availability 425.00
035 ## - SYSTEM CONTROL NUMBER
System control number EN-77684
037 ## - SOURCE OF ACQUISITION
Source of stock number/acquisition DBAD / PUB
040 ## - CATALOGING SOURCE
Original cataloging agency dpl
Language of cataloging English
050 ## - LIBRARY OF CONGRESS CALL NUMBER
DPL Classification number RA399.A1
082 ## - DEWEY DECIMAL CLASSIFICATION NUMBER
Classification number 362.11068
100 ## - MAIN ENTRY--PERSONAL NAME
Personal name McLaughlin, Daniel B.
245 ## - TITLE STATEMENT
Title Healthcare operations management /
Statement of responsibility, etc Daniel B. McLaughlin, Julie M. Hays.
260 ## - PUBLICATION, DISTRIBUTION, ETC. (IMPRINT)
Place of publication, distribution, etc New Delhi
Name of publisher, distributor, etc PHI Learning
Date of publication, distribution, etc 2009
270 ## - ADDRESS
Address M-97 Connaught Circus
City New Delhi
Postal code 110001
300 ## - PHYSICAL DESCRIPTION
Extent xx, 431 p. :
Other physical details ill. ;
Dimensions 27cm(pbk)
500 ## - GENERAL NOTE
General note Includes bibliographical references and index.
505 ## - FORMATTED CONTENTS NOTE
Formatted contents note The challenge and the opportunity -- History of performance improvement -- Evidence-based medicine and pay-for-performance -- Strategy and the balanced scorecard -- Project management -- Tools for problem solving and decision making -- Using data and stat
650 ## - SUBJECT ADDED ENTRY--TOPICAL TERM
Topical term or geographic name as entry element Medical care
General subdivision Quality control
650 ## - SUBJECT ADDED ENTRY--TOPICAL TERM
Topical term or geographic name as entry element Health services administration
General subdivision Quality control
650 ## - SUBJECT ADDED ENTRY--TOPICAL TERM
Topical term or geographic name as entry element Organizational effectiveness.
650 ## - SUBJECT ADDED ENTRY--TOPICAL TERM
Topical term or geographic name as entry element Total quality management.
650 ## - SUBJECT ADDED ENTRY--TOPICAL TERM
Topical term or geographic name as entry element Quality Assurance, Health Care
General subdivision organization & administration.
650 ## - SUBJECT ADDED ENTRY--TOPICAL TERM
Topical term or geographic name as entry element Decision Support Techniques.
650 ## - SUBJECT ADDED ENTRY--TOPICAL TERM
Topical term or geographic name as entry element Efficiency, Organizational
General subdivision standards.
650 ## - SUBJECT ADDED ENTRY--TOPICAL TERM
Topical term or geographic name as entry element Total Quality Management
General subdivision methods.
700 ## - ADDED ENTRY--PERSONAL NAME
Personal name Hays, Julie M.
942 ## - ADDED ENTRY ELEMENTS (KOHA)
Source of classification or shelving scheme Dewey Decimal Classification
Item type English Books
Classification part 362.11068
Call number suffix MCL
Holdings
Withdrawn status Lost status Source of classification or shelving scheme Damaged status Not for loan Collection code Home library Current library Date acquired Source of acquisition Cost, normal purchase price Total Checkouts Full call number Barcode Date last seen Copy number Cost, replacement price Koha item type
    Dewey Decimal Classification   Not For Loan Non-fiction D.B.Act.Division D.B.Act.Division 20/06/2009 DBAD / PUB 425.00   362.11068 MCL EN-77684 20/06/2009 1 425.00 English Books

© Delhi Public Library
Hit Counter
free hit counter